El mundo y sus porqués : reveladoras respuestas a curiosas preguntas sobre casi todo /
Guardado en:
| Otros Autores: | |
|---|---|
| Formato: | Libro |
| Publicado: |
México :
Reader's Digest,
1995
|
| Materias: | |
| Etiquetas: |
Agregar Etiqueta
Sin Etiquetas, Sea el primero en etiquetar este registro!
|
| LEADER | 00538nam a22001695a 4500 | ||
|---|---|---|---|
| 001 | CEM.cems013645 | ||
| 005 | 20120326133534.0 | ||
| 008 | 130507s1995##################000#0#####d | ||
| 003 | CEMS | ||
| 020 | |a 9682801974 | ||
| 082 | 0 | 4 | |a 036 |
| 245 | 0 | 0 | |a El mundo y sus porqués : |b reveladoras respuestas a curiosas preguntas sobre casi todo / |c Director: Gonzalo Ang |
| 260 | |a México : |b Reader's Digest, |c 1995 | ||
| 300 | |a 336 p. | ||
| 653 | |a Enciclopedias | ||
| 700 | 1 | |a Ang, Gonzalo. dir. | |
| 859 | |a CEMS |b BIB. CEMS - 11 de abril |h 036 |i R271 |p 26288.12 |t Ej.1 | ||
